Personnages de Gryffondor - Mort subite - Statistiques

Statistiques générales
  • Ce quiz a été pris 2 563 fois
  • Le résultat moyen est 8 sur 13
Answers on the Grid
Answers color-coded by a green-red scale on the quiz's grid according to % correct below.
Harry Potter
Severus Rogue
Voldemort
Pomona Chourave
Ron Weasley
Rubeus Hagrid
Sirius Black
Nymphadora Tonks
Mimi Geignarde
Albus Dumbledore
Norbert Dragonneau
Gilderoy Lockhart
Minerva McGonagall
Drago Malefoy
Neville Londubat
Luna Lovegood
Cho Chang
Remus Lupin
Hermione Granger
Bellatrix Lestrange
Seamus Finnigan
Filius Flitwick
Quirinus Quirrell
Peter Pettigrow
Gregory Goyle
Dean Thomas
Dolores Ombrage
Lavande Brown
Cedric Diggory
Horace Slughorn
 
Statistiques - réponses
Réponse % Correct
Harry Potter
99%
Ron Weasley
87%
Hermione Granger
67%
Neville Londubat
67%
Albus Dumbledore
64%
Minerva McGonagall
61%
Sirius Black
58%
Dean Thomas
53%
Seamus Finnigan
52%
Remus Lupin
50%
Rubeus Hagrid
49%
Lavande Brown
41%
Peter Pettigrow
40%
Aucun quiz correspondant
Distribution des résultats
% des personnes avec chaque résultat
Percentile par nombre de réponses
Votre historique - résultats
Vous n’avez pas pris ce quiz